Normal view
MARC view
Entry Topical Term
001 - CONTROL NUMBER
- control field: 6470
003 - CONTROL NUMBER IDENTIFIER
- control field: OSt
005 - DATE AND TIME OF LATEST TRANSACTION
- control field: 20151203130249.0
008 - FIXED-LENGTH DATA ELEMENTS
- fixed length control field: 151203|| aca||aabn | a|a d
040 ## - CATALOGING SOURCE
- Original cataloging agency: OSt
- Transcribing agency: OSt
150 ## - HEADING--TOPICAL TERM
- Topical term or geographic name entry element: Education and Multicultalism.
670 ## - SOURCE DATA FOUND
- Source citation: Work cat.: (OSt): Torres Alberto,Carlos; 6468, Democracy,Education and Multiculturalism;, 1998.
